00679nai a2200169Ia 4500003000900000008004100009022002200050022002300072040001600095245006800111260008600179310001400265362002900279521006900308650003900377856009300416IN-BaIIA211028c9999 xx s 000 0 eng d a0097-2002 (Print) a2331-088X (Online) cIIA Library 0aIRE Transactions on Microwave Theory and Techniquesh[eJournal] aNew York, USAbThe Institute of Electrical and Electronics Engineers, Inc. (IEEE) aBimonthly a3(2); 1955 - 10(6); 1962 bSubscribed through National Knowledge Resource Consortium (NKRC) aFields, Waves and Electromagnetics uhttps://ieeexplore.ieee.org/servlet/opac?punumber=4547924yClick Here to Access eJournal